Statistics for PGA Tour Top 100 Rankings

Click here to take the quiz!

General Stats

  • This quiz has been taken 327 times
  • The average score is 21 of 100

Answer Stats

Answer% Correct
10Northern IrelandRory McIlroy
86%
96EnglandChris Wood
82%
1USATiger Woods
82%
13USADustin Johnson
78%
8USAPhil Mickelson
77%
5AustraliaJason Day
76%
12USAZach Johnson
74%
7SpainSergio Garcia
73%
2AustraliaAdam Scott
71%
3SwedenHenrik Stenson
68%
9USAJordan Spieth
68%
4USABubba Watson
61%
35USARickie Fowler
54%
11EnglandJustin Rose
52%
41South AfricaErnie Els
46%
26JapanHideki Matsuyama
41%
36EnglandLee Westwood
40%
29EnglandLuke Donald
40%
21USAJim Furyk
36%
38South AfricaLouis Oosthuizen
36%
61GermanyMartin Kaymer
36%
6USAMatt Kuchar
36%
14Northern IrelandGraeme McDowell
35%
24USAPatrick Reed
35%
22EnglandIan Poulter
33%
76USABrooks Koepka
32%
17South AfricaCharl Schwartzel
31%
51ItalyFrancesco Molinari
30%
85ArgentinaAngel Cabrera
29%
27USAWebb Simpson
28%
20USABrandt Snedeker
26%
16USAJason Dufner
25%
19USAJimmy Walker
25%
15USASteve Stricker
25%
18USAKeegan Bradley
24%
100EnglandPaul Casey
22%
62South AfricaBranden Grace
20%
31USABill Haas
18%
92South KoreaK.J. Choi
18%
42AustraliaMatt Jones
18%
70USAKevin Na
17%
48USAGary Woodland
16%
50USABilly Horschel
15%
69AustraliaMarc Leishman
15%
32SpainMiguel Angel Jimenez
15%
34USAHunter Mahan
14%
28WalesJamie Donaldson
14%
25DenmarkThomas Bjorn
14%
58USARyan Palmer
13%
52ThailandThongchai Jaidee
13%
79USACharles Howell-III
11%
30CanadaGraeme Delaet
11%
23FranceVictor Dubuisson
11%
37USARyan Moore
10%
44NetherlandsJoost Luiten
9%
78JapanRyo Ishikawa
9%
83USACharley Hoffman
8%
53USAChris Kirk
8%
33SwedenJonas Blixt
8%
80ThailandKiradech Aphibarnrat
8%
67DenmarkThorbjorn Olesen
7%
68USABoo Weekley
6%
74ZimbabweBrendon de Jonge
6%
40USAHarris English
6%
93SpainRafael Cabrera Bello
6%
99USAMIchael Thompson
5%
64FinlandMikko Ilonen
5%
49USANick Watney
5%
73SwedenPeter Hanson
5%
43USARussell Henley
5%
81USAScott Piercy
5%
98USADaniel Summerhays
4%
95USAJason Kokrak
4%
54AustraliaJohn Senden
4%
65SpainPablo Larrazabal
4%
39ScotlandStephen Gallacher
4%
71AustriaBernd Wiesberger
3%
90USAD.A. Points
3%
60South AfricaGeorge Coetzee
3%
55USAKevin Stadler
3%
47USAKevin Streelman
3%
57ItalyMatteo Manassero
3%
72EnglandRoss Fisher
3%
63USAScott Stallings
2%
59USAChesson Hadley
1%
66EnglandDavid Lynn
1%
45SpainGonzalo Fdez-Castano
1%
84USAWill Mackenzie
1%
94SpainAlejandro Canizares
0%
89AustraliaBrett Rumford
0%
75USAChris Stroud
0%
97South AfricaDarren Fichardt
0%
91SwedenFredrik Jacobson
0%
82South KoreaKim Hyung-sung
0%
87JapanKoumei Oda
0%
46USAMatt Avery
0%
77USAPeter Uihlein
0%
56South AfricaRichard Sterne
0%
88USARoberto Castro
0%
86South AfricaThomas Aiken
0%

Score Distribution

Percentile by Number Answered

Percent of People with Each Score

Your Score History

You have not taken this quiz